| 000 | 00350pab a2200145 454500 | ||
|---|---|---|---|
| 008 | 180718b1997 xxu||||| |||| 00| 0 eng d | ||
| 100 | _aPrenzler, Tim | ||
| 245 | _aIs there a police culture? | ||
| 260 | _c1997 | ||
| 300 | _ap.47-56 | ||
| 362 | _aDec | ||
| 650 | _aPolice | ||
| 773 | _aAustralian Journal of Public Administration | ||
| 909 | _a37488 | ||
| 999 |
_c37488 _d37488 |
||